书目信息 |
| 题名: |
思想政治工作语言艺术
|
|
| 作者: | 刘玉瑛 著 | |
| 分册: | ||
| 出版信息: | 北京 中央文献出版社 2000.03 |
|
| 页数: | 337页 | |
| 开本: | 32开 | |
| 丛书名: | ||
| 单 册: | ||
| 中图分类: | D64 | |
| 科图分类: | ||
| 主题词: | 政治--中国 | |
| 电子资源: | ||
| ISBN: | 7-5073-0745-X | |
| 000 | 00556nam0 2200193 45 | |
| 001 | 0008040921 | |
| 005 | 20000804091201.8 | |
| 010 | @a7-5073-0745-X@d18.00元 | |
| 100 | @a20000804d2000 km y0chiy0120 ea | |
| 101 | 0 | @achi |
| 105 | @a z 000yy | |
| 200 | 1 | @a思想政治工作语言艺术@ASi Xiang Zheng Zhi Gong Zuo Yu Yan Yi Shu@f刘玉瑛著@FLiu Yu Ying Zhu |
| 210 | @a北京@c中央文献出版社@d2000.03 | |
| 215 | @a337页@d32开 | |
| 606 | 0 | @a政治@x中国 |
| 690 | @aD64@v3 | |
| 701 | 0 | @a刘玉瑛@4著 |
| 801 | @aCN@bPftUser@c20000804 | |
| 905 | @b87989-991@dD64@eL929@f3 | |
| 思想政治工作语言艺术/刘玉瑛著.-北京:中央文献出版社,2000.03 |
| 337页;32开 |
| ISBN 7-5073-0745-X:18.00元 |
| ● |
| 相关链接 |
|
|
|
正题名:思想政治工作语言艺术
索取号:D64/L929
 
预约/预借
| 序号 | 登录号 | 条形码 | 馆藏地/架位号 | 状态 | 备注 |
| 1 | 87989 | 200879898 | 社科库509/509社科库 74排9列6层/ [索取号:D64/L929] | 在馆 | |
| 2 | 87990 | 200879905 | 社科库509/509社科库 74排9列6层/ [索取号:D64/L929] | 在馆 | |
| 3 | 87991 | 200879914 | 社科库509/509社科库 74排9列6层/ [索取号:D64/L929] | 在馆 |